US State Capitals that Start with Consonants - Statistics

General Stats
  • This quiz has been taken 34 times
  • The average score is 37 of 42
Answer Stats
State Capital % Correct
California Sacramento
100%
Massachusetts Boston
96%
Louisiana Baton Rouge
93%
Iowa Des Moines
93%
Alaska Juneau
93%
Nebraska Lincoln
93%
Arizona Phoenix
93%
Florida Tallahassee
93%
Idaho Boise
89%
West Virginia Charleston
89%
Wyoming Cheyenne
89%
Ohio Columbus
89%
Connecticut Hartford
89%
Montana Helena
89%
Hawaii Honolulu
89%
Mississippi Jackson
89%
Missouri Jefferson City
89%
Michigan Lansing
89%
Alabama Montgomery
89%
North Carolina Raleigh
89%
Virginia Richmond
89%
Oregon Salem
89%
New Mexico Santa Fe
89%
Kansas Topeka
89%
New Jersey Trenton
89%
North Dakota Bismarck
85%
Kentucky Frankfort
85%
Wisconsin Madison
85%
Tennessee Nashville
85%
South Dakota Pierre
85%
Rhode Island Providence
85%
Utah Salt Lake City
85%
Illinois Springfield
85%
Minnesota St. Paul
85%
Nevada Carson City
81%
Colorado Denver
81%
Delaware Dover
81%
Pennsylvania Harrisburg
81%
Arkansas Little Rock
81%
South Carolina Columbia
78%
New Hampshire Concord
78%
Vermont Montpelier
78%
No matching quizzes found
Score Distribution
Percent of People with Each Score
Percentile by Number Answered
Your Score History
You have not taken this quiz